Tolkien Characters or Antidepressants? - Statistics

General Stats
  • This quiz has been taken 1,117 times
    1,072 since last reset
  • The average score is 4 of 12
Answers on the Grid
Answers color-coded by a green-red scale on the quiz's grid according to % correct below.
Elavil
Clédial
Narmacil
Remeron
Bilbo
Azafen
Bergil
Edronax
Celebrían
Narvi
Sildenafil
Círdan
Cymbalta
Luvox
Desyrel
Haldir
Effexor
Orophin
Sintamil
Elendil
Symmetrel
Finarfin
Eskalith
Nardil
Erestor
Elronon
Prothiaden
Minalcar
 
Answer Stats
Answer % Correct
Bilbo is the main protagonist of "The Hobbit" Bilbo
87%
Also known as 'the Tall' or 'the Fair', Elendil was a Númenórean who led the survivors of its Downfall to the shores of Middle-earth, where they founded the realms of Arnor and Gondor; as the first king of Gondor, he was the father of Isildur and great-grandfather of Aragorn Elendil
57%
Haldir was an Elf of Lothlorién who played a minor role in the books; in the film adaptation of "The Two Towers," he is depicted as having fought and perished at the Battle of Helm's Deep Haldir
57%
Known as 'Lady of Rivendell', Celebrían is Elrond's wife, as well as the daughter of Celeborn and Galadriel Celebrían
47%
Círdan was one of the wisest and oldest Sindarin Elves, once the bearer of the Great Ring Narya, which he later surrendered to Gandalf; he is also a character in the "Rings of Power" Amazon series Círdan
42%
Finarfin was the youngest child of Finwë and Indis and the third King of the Noldor in Valinor Finarfin
35%
Erestor is an Elf of Rivendell and the chief counselor to Elrond, probably best known for having favored guarding the One Ring rather than destroying it Erestor
23%
Bergil ccompanied Pippin Took in his arrival at Minas Tirith, as described in "The Return of the King" Bergil
21%
Narvi was a dwarf of Moria during the Second Age, who conceived the Mighty Doors of Durin Narvi
21%
Orophin was one of three wardens of the northern border of Lothlorién met by the Fellowship as they entered the Golden Wood Orophin
17%
Narmacil I was the 17th king of Gondor; Narmacil II was the 29th king of Gondor Narmacil
12%
The 19th king of Gondor, who adopted the name 'Rómendacil II' Minalcar
11%
No matching quizzes found
Score Distribution
Percent of People with Each Score
Percentile by Number Answered
Your Score History
You have not taken this quiz since the last reset